000 01018nam a2200205Ia 4500
999 _c37657
_d37657
001 3629
003 GE_BSU
005 20190603181806.0
008 181216s1968||||ge |||||||||||||| ||geo||
040 _cGE_BSU
041 _ageo
080 _a621.311(479.22) ჩ–76
100 _aჩოგოვაძე, გ
_9947
245 _aჰიდროელექტროსადგურების მშენებლობა საქართველოში = Строительство гидроэлектростанций в Грузии /
_cგ. ჩოგოვაძე ; რედ : ნ. კუპრავა.
264 _aთბილისი :
_bსაბჭოთა საქართველო,
_c1968.
300 _a318 გვ .:
_c22 სმ.
653 _aჰიდროელექტროსადგურების მშენებლობა საქართველოში
700 _aკუპრავა, ნ
_eრედაქტორი
_92026
942 _cBK
_2udc